000 00675nam a22002297a 4500
003 UA-OsUOA
001 30341
007 ta
008 20041109b un ||||| |||| 00| 0 ukr d
090 _a929:78
_bА18
942 _cBK
040 _aUA-OsUOA
_brus
_cUA-OsUOA
_dUA-OsUOA
245 _aАфтографы М. А. Балакирева и материалы, связанные с его деятельностью
_bКаталог-справочник
300 _a60 с.
955 _a0
041 _arus
080 _a929:78
260 _aМосква
_bМинистерство культуры СССР
_c1959
044 _aRU
650 7 _2UDC
999 _c316752
_d316752